000 00808nam a2200241 a 4500
999 _c11170
_d11170
001 11170
003 BD-JhCC
005 20220223134022.0
008 190605b20082016bg |||| ||a| 000 0 ben d
020 _a9847011700380
035 _a(BD-JhCC)11170
040 _aBD-JhCC
_dBD-JhCC
041 _aben
082 _bSMI 2016
_a823.914
100 _aস্মিথ, উইলবার
245 _aদ্য সেভেনথ স্ক্রৌল /
_cউইলবার স্মিথ, মখদুম আহমেদ (অনু)
260 _aঢাকা:
_bরোদেলা প্রকাশনী;
_c২০১৬.
300 _a৩৯৯ পৃ. :
_c২২ সেমি.
650 _aRussian fiction
700 _a আহমেদ, মখদুম
942 _2ddc
_cBK
_015